000 005380000a22001810004500
003 MACL
005 20160320112721.0
008 160320b xxu||||| |||| 00| 0 eng d
040 _aMACL
_cMACL
041 _aHindi
082 _a403
100 _aडॉ नगेन्‍द्र
_940020
245 _aभारतीय साहित्‍य कोश
260 _bनेशनल पब्लिशिंग हाउस
_c1981
_aदिल्‍ली
350 _a350
650 _aDictionary
_947645
942 _cHIN
_k403
_2ddc
999 _c29188
_d29188